Online Catalogue and eLibrary

The laws and customs of the sinhalese or kandyanlaw (Record no. 2802)

MARC details
000 -LEADER
fixed length control field 00434nam a2200169Ia 4500
005 - DATE AND TIME OF LATEST TRANSACTION
control field 20240607024750.0
008 - FIXED-LENGTH DATA ELEMENTS--GENERAL INFORMATION
fixed length control field 240331s9999 xx 000 0 und d
020 ## - INTERNATIONAL STANDARD BOOK NUMBER
ISBN 8170131006
082 ## - DDC Classification
Item Number - Author Mark HAY
Class No. 340
100 ## - MAIN ENTRY--PERSONAL NAME
Personal name Hayley, F.A
245 #4 - TITLE STATEMENT
Title The laws and customs of the sinhalese or kandyanlaw
260 ## - PUBLICATION, DISTRIBUTION, ETC.
Place of publication, distribution, etc. New Delhi
Name of publisher, distributor, etc. Nimal Singal for NAVRANG
Date of publication, distribution, etc. 1993
300 ## - PHYSICAL DESCRIPTION
Extent (e.g. Volumes, Pages etc.) xlvii,112 p.,
650 ## - SUBJECT ADDED ENTRY--TOPICAL TERM
Topical term or geographic name entry element Law
650 ## - SUBJECT ADDED ENTRY--TOPICAL TERM
Topical term or geographic name entry element Customs
942 ## - Koha item type (Biblio)
Koha item type Books in Stacks (Lending)
Holdings
Lost status Damaged status Collection code Home library Current library Shelving location Date acquired Full call number Accession Number Item type
    Lending WERC Library WERC Library Social Science Cupboard 03/31/2024 340 HAY 1554 Books in Stacks (Lending)

© WERC Library